Statistiques concernant Premiers ministres français Quiz (2020)

Cliquez ici pour prendre le quiz!

Statistiques générales

  • Ce quiz a été pris 358 fois
    (222 depuis la dernière actualisation)
  • Le résultat moyen est 19 sur 24

Statistiques - réponses

AnnéesPremier ministre% Correct
1974-1976Jacques Chirac
98%
1986-1988Jacques Chirac
98%
2017-2020Édouard Philippe
97%
2007-2012François Fillon
96%
2020-...Jean Castex
95%
1997-2002Lionel Jospin
93%
2014-2016Manuel Valls
93%
1962-1968Georges Pompidou
91%
1991-1992Édith Cresson
90%
1993-1995Édouard Balladur
86%
2012-2014Jean-Marc Ayrault
83%
2016-2017Bernard Cazeneuve
82%
2005-2007Dominique de Villepin
82%
1995-1997Alain Juppé
76%
1984-1986Laurent Fabius
75%
1959-1962Michel Debré
75%
1969-1972Jacques Chaban-Delmas
73%
2002-2005Jean-Pierre Raffarin
73%
1988-1991Michel Rocard
73%
1981-1984Pierre Mauroy
73%
1992-1993Pierre Bérégovoy
72%
1976-1981Raymond Barre
67%
1972-1974Pierre Messmer
54%
1968-1969Maurice Couve de Murville
52%

Distribution des résultats

Percentile par nombre de réponses

% des personnes avec chaque résultat

Votre développement - résultats

Vous n’avez pas pris ce quiz depuis la dernière actualisation